TPU from aliphatic diisocyanates (Record no. 71439)

MARC details
000 -LEADER
fixed length control field 00327nam a2200133Ia 4500
100 ## - MAIN ENTRY--AUTHOR NAME
Personal name Chen Augustin
245 #0 - TITLE STATEMENT
Title TPU from aliphatic diisocyanates
260 ## - PUBLICATION, DISTRIBUTION, ETC. (IMPRINT)
Name of publisher Rubber World
Year of publication 1995
300 ## - PHYSICAL DESCRIPTION
Number of Pages 31-35
700 ## - ADDED ENTRY--PERSONAL NAME
Personal name OConnor James M
700 ## - ADDED ENTRY--PERSONAL NAME
Personal name Wells Richard R
942 ## - ADDED ENTRY ELEMENTS (KOHA)
Koha item type Journals
Holdings
Withdrawn status Lost status Damaged status Not for loan Home library Current library Shelving location Date acquired Serial Enumeration / chronology Koha item type
      Journals RRII Library RRII Library Rubber chemistry 17/10/1995 Volume 212, Issue 1 Journals